| 000 | 00935cam a2200277 a 4500 | ||
|---|---|---|---|
| 001 | 000014495 | ||
| 005 | 20200929163846.0 | ||
| 008 | 970625s1995 ec b 000 0 spa d | ||
| 020 | _a997850026X | ||
| 035 | _a(DLC) 97165831 | ||
| 035 | _a(OCoLC)36481184 | ||
| 040 |
_aDO-SdBNP _cFMU _dDLC |
||
| 082 |
_a305.48 _bL847a |
||
| 100 | 1 |
_aLondoño López, Jenny, _d1952- _932735 |
|
| 245 | 1 | 0 |
_aÁngeles o demonios? : _blas mujeres y la iglesia en la audiencia de Quito / _cJenny Londono López. |
| 260 |
_aQuito : _bUniversidad Estatal de Bolívar ; _bCentro para el Desarrollo Social, _c1995. |
||
| 300 |
_a121 p. ; _c15 cm. |
||
| 490 | 1 |
_aTodo es historia _v3 |
|
| 504 | _aIncluye referencias bibliográficas. | ||
| 650 | 4 |
_aMujeres en el cristianismo _913248 |
|
| 651 | 4 |
_aEcuador _926287 |
|
| 650 | 4 |
_aRoles sexuales _95380 |
|
| 830 | 0 |
_aTodo es historia ; _v3 _913253 |
|
| 910 | _aCatalogación por copia / LC | ||
| 049 | _aBNGR | ||
| 999 |
_c14084 _d14084 |
||